le jeu du perdant - Statistiques

Statistiques générales
  • Ce quiz a été pris 304 fois
    300 depuis la dernière actualisation
  • Le résultat moyen est 41 sur 61
Statistiques - réponses
lettre % Correct
p
100%
o
97%
u
96%
r
95%
p
94%
e
93%
r
92%
d
90%
e
89%
r
89%
a
86%
f
86%
i
86%
l
86%
t
86%
u
86%
p
82%
e
81%
r
81%
d
80%
r
80%
e
78%
e
78%
n
77%
e
72%
n
72%
a
70%
g
70%
g
69%
a
67%
n
67%
n
64%
t
64%
a
61%
p
61%
s
61%
e
59%
e
59%
t
59%
n
57%
p
56%
l
55%
s
55%
u
55%
i
53%
l
52%
a
51%
f
51%
t
51%
u
51%
ê
48%
e
47%
r
47%
t
47%
e
44%
p
44%
d
43%
r
43%
a
41%
n
40%
t
39%
Aucun quiz correspondant
Distribution des résultats
% des personnes avec chaque résultat
Percentile par nombre de réponses
Votre historique - résultats
Vous n’avez pas pris ce quiz depuis la dernière actualisation